Homilías selectas de San Juan Crisóstomo
Збережено в:
| Формат: | Книга |
|---|---|
| Мова: | Іспанська |
| Опубліковано: |
Madrid
Gregorio del Amo
1905
|
| Редагування: | 1a. ed |
| Предмети: | |
| Теги: |
Додати тег
Немає тегів, Будьте першим, хто поставить тег для цього запису!
|
MARC
| LEADER | 00000cam a2200000 a 4500 | ||
|---|---|---|---|
| 001 | UCD3283 | ||
| 003 | CL-VaPUC | ||
| 008 | 160603e19050000sp |||||||||||||||||spa|d | ||
| 082 | 0 | 4 | |a 251 |b HOM |2 21 |
| 245 | 1 | 0 | |a Homilías selectas de San Juan Crisóstomo |
| 250 | |a 1a. ed | ||
| 300 | |a t | ||
| 942 | |c BK | ||
| 945 | |d 20160603 11:42:00 |a dcastane | ||
| 260 | |a Madrid |b Gregorio del Amo |c 1905 | ||
| 650 | 0 | |a Homilías |9 366132 | |
| 650 | 7 | |a SERMONES |2 CL-VaPUC |9 317687 | |
| 583 | |a last modification |c 20160603 11:42:00 |k Rodrigo Vera | ||
| 999 | |c 364319 |d 364317 | ||
| 952 | |0 0 |1 0 |3 erd |4 0 |6 251_000000000000000_HOM_1905 |7 0 |8 X |9 477361 |a BIBTEO |b BIBTEO |c TEO_FFR |h t.2 |i 5233038 |o 251 HOM 1905 |p 5233038 |r 2024-01-18 |w 2019-11-24 |y BK_X |z Catalogado en:20160603 |k OFM | ||